| 000 | 01106nam a2200277 a 4500 | ||
|---|---|---|---|
| 999 |
_c12360 _d12360 |
||
| 001 | 12360 | ||
| 003 | BD-JhCC | ||
| 005 | 20220519134021.0 | ||
| 008 | 210614s2020 bg |||| |||| 000 0 mul d | ||
| 020 | _a9789849446507 | ||
| 035 | _a(BD-JhCC)12360 | ||
| 040 |
_aBD-JhCC _dBD-JhCC |
||
| 041 | _aBengla | ||
| 041 | _aArabic | ||
| 082 |
_a953 _bKHA 2020 |
||
| 100 | _aখলিল, ড. শাওকি আবু | ||
| 245 |
_aকুরআনের মানচিত্র : _bস্থান, জাতি, ঐতিহাসিক স্থান ও জনপদ / _c ড. শাওকি আবু খলিল, এম রুহুল আমিন (অনু.) |
||
| 260 |
_aঢাকা : _bমুসলিম ভিলেজ, _c২০২০। |
||
| 300 |
_a২৮০ পৃ. : _bচিত্রাবলী _c২২ সেমি. |
||
| 504 | _aগ্রন্থপঞ্জি অর্ন্তভূক্ত। | ||
| 650 |
_aQurʼan _zGeography |
||
| 650 |
_aIslam _zMiddle East |
||
| 650 | _aArabian Peninsula | ||
| 700 | _aআমিন, এম রুহুল | ||
| 942 |
_2ddc _cBK _01 |
||